000 00522nam a22002057a 4500
003 OSt
005 20140310181708.0
008 121201t xxu||||| |||| 00| 0 eng d
020 _a0140620559
050 _aPR 4727
_b.H268 1994
082 _aCLA H22r
_b1994
100 _aHardy, Thomas
245 _aThe Return of the Native/
_cThomas Hardy.
260 _aNew York:
_bPenguin Books,
_cc1994.
300 _c481 p. :
_b18 cm.
541 _j1
562 _e1
650 _aClassics
_92808
942 _2lcc
_cBBK
_kCLA
999 _c1428
_d1428